| 000 | 00560nam a2200205Ia 4500 | ||
|---|---|---|---|
| 001 | 44055 | ||
| 008 | 140428s9999 xx 000 0 und d | ||
| 020 | _a969844839x | ||
| 040 | _cPK-LaUMT | ||
| 082 |
_aRHC 297.09 _bABU-K |
||
| 100 | _aAbu ul Fateh Muhammad Bin Abdul Karim | ||
| 245 |
_aKitaabul millal wannahal (Urdu) _cAbu ul Fateh Muhammad Bin Abdul Karim<>Ali Mohsin Siddiqi |
||
| 250 | _a2nd | ||
| 260 |
_aKarachi,Pakistan: _bQartas, _c2007 |
||
| 300 | _a377 p. | ||
| 546 | _aUR | ||
| 650 | _aIslam | ||
| 700 | _aAli Mohsin Siddiqi | ||
| 942 | _cBK | ||
| 999 |
_c42055 _d42055 |
||